000 00367nam a2200145Ia 4500
008 230917s9999||||xx |||||||||||||| ||und||
040 _e74678
_aMAIN
041 _aEnglish
082 _a658.8 C472M
100 _aChunawalla, S A
245 0 _aMarketing research: Overview
260 _aBombay
_bHimalaya Publishing House
_c1987
300 _avi, 374 p.
942 _cBK
999 _c94785
_d94785